000 00453cam a22001337a 4500
008 180718b1986 xxu||||| |||| 00| 0 eng d
082 _aA81x54 In2/81/23/Pt3A&B/4
100 _aCensus of India 1981
245 _aWest Bengal: general economic tables
260 _aDelhi
_bThe Controller of Publications
_c1986
300 _a521+p.
440 _aCensus of India 1981. Series-23, West Bengal. Part-III A & B (iv)
500 _aContents: Tables B-21 and B-22
999 _c483513
_d483513